000 01199cam a2200217 4500
001 ABS62951
008 000000n2000 000 0 eng u
035 _a(Sirsi) u108937
100 _aMartin, J.
245 _aHow to provide the best early cost advice to clients
260 _c2000
490 _aCSM (Chartered Surveyor Monthly)
_vOctober 2000, 32-33(2)
520 _aThe first in a series of articles looking at the skills required by surveyors during a building project. Focuses on how to produce a building cost estimate for a client. Describes the tool developed by the Building Cost Information Service, which can help surveyors tackle such enquiries. BCIS Online OnWeb contains details of over 13,000 projects. The BCIS can also provide cost per functional unit information as well as average group elemental costs and average element costs. Includes an example of how the Online OnWeb can be used to produce the information required for a simple £/m2 estimate.
590 _aABS
650 _aBUILT ENVIRONMENT-BUILDING COSTS
650 _aESTIMATES
650 _aBCIS ONLINE ONWEB
650 _aCOST PLANNING
690 _aBUILT ENVIRONMENT-BUILDING COSTS
942 _n0
999 _c65045
_d65045